| 000 | 00909nam a22002057a 4500 | ||
|---|---|---|---|
| 999 |
_c57035 _d57035 |
||
| 005 | 20191024165545.0 | ||
| 008 | 191024s2019 ||||| |||| 00| 0 rur d | ||
| 020 | _a9789941263071 | ||
| 041 | _arur | ||
| 080 | _a1 Ф-43 | ||
| 100 |
_aФерри, Люк _95003 |
||
| 245 |
_aУчиться жить : Философское эссе для молодого поколения / _cЛюк ферри ; Гл. ред : Лали Закарадзе ; Перев : В. Диасамидзе |
||
| 264 |
_aТбилии : _bУниверсал, _c2019. |
||
| 300 |
_a265 стр .; _bил .: _c20 см. |
||
| 653 | _aУчиться жить | ||
| 653 | _aვისწავლოთ ცხოვრება | ||
| 700 |
_aЗакарадзе, Лали _eმთავარი რედაქტორი _95004 |
||
| 700 |
_aДиасамидзе, В. _eმთარგმნელი _95005 |
||
| 942 |
_2udc _cBK |
||